| Tag |
First Indicator |
Second Indicator |
Subfields |
| LEADER |
00000cam a2200000 a 4500 |
| 001 |
in00002658621 |
| 005 |
20211202194134.0 |
| 006 |
m d f |
| 007 |
cr mn||||||||| |
| 008 |
101103s2004 dcua ob f000 0 eng c |
| 035 |
|
|
|a (OCoLC)ocn676908100
|
| 040 |
|
|
|a GPO
|c GPO
|d MvI
|d UtOrBLW
|
| 042 |
|
|
|a pcc
|
| 043 |
|
|
|a n-us---
|
| 049 |
|
|
|a WWW
|
| 074 |
|
|
|a 0445 (online)
|
| 086 |
0 |
|
|a HE 1.2:P 92
|
| 110 |
1 |
|
|a United States.
|b Department of Health and Human Services.
|
| 245 |
1 |
0 |
|a Prevention--a blueprint for action /
|c U.S. Department of Health and Human Services.
|
| 246 |
3 |
|
|a Blueprint for action
|
| 264 |
|
1 |
|a [Washington, D.C.] :
|b U.S. Dept. of Health and Human Services,
|c [2004]
|
| 300 |
|
|
|a 1 online resource (56 pages) :
|b illustrations (some color)
|
| 336 |
|
|
|a text
|b txt
|2 rdacontent
|
| 337 |
|
|
|a computer
|b c
|2 rdamedia
|
| 338 |
|
|
|a online resource
|b cr
|2 rdacarrier
|
| 500 |
|
|
|a Title from PDF title screen (HHS.gov, viewed Sept. 8, 2010).
|
| 500 |
|
|
|a "April 2004."
|
| 500 |
|
|
|a "Steps to a healthierUS"--Cover.
|
| 504 |
|
|
|a Includes bibliographical references.
|
| 500 |
|
|
|a Electronic resource.
|
| 650 |
|
0 |
|a Health promotion
|z United States.
|
| 650 |
|
0 |
|a Medicine, Preventive
|z United States.
|
| 650 |
|
0 |
|a Public health
|z United States.
|
| 776 |
0 |
8 |
|i Print version:
|a United States. Dept. of Health and Human Services.
|t Prevention--a blueprint for action.
|h 56 p.
|w (DLC) 2004398005
|w (OCoLC)55877417
|
| 856 |
4 |
0 |
|u https://purl.fdlp.gov/GPO/LPS126014
|t 0
|
| 999 |
|
|
|a MARS
|
| 999 |
f |
f |
|s 71a2e5bc-b3e2-344c-8364-65f574c10b3e
|i cb7e2b68-af28-3583-adc7-3494958688bb
|t 0
|
| 952 |
f |
f |
|a Texas A&M University
|b College Station
|c Electronic Resources
|d Available Online
|t 0
|e HE 1.2:P 92
|h Superintendent of Documents classification
|
| 998 |
f |
f |
|a HE 1.2:P 92
|t 0
|l Available Online
|